• 首页
  • 本馆介绍
  • 公告通知
  • 最新文献
  • 馆藏检索
  • 电子资源
  • 读者导购
  • 参考咨询
  • 我的图书馆
  • 登录
  • 详细信息显示
  • 放入我的书架
  • 预约/预借图书
  • 作者相关作品
  • 分类相关作品
  • 丛书相关作品
  • 出版社相关作品

书目信息

  • 表格格式
  • 工作单格式
  • 卡片格式
书名: The unnatural nature of science
作者: Lewis Wolpert.
分册号:
分册名:
出版地: Cambridge, Mass. :
 
出版社: Harvard University Press
出版时间: c1992.
页数: xiv, 191 p. ;
开本: 22 cm.
丛书名:
中图分类号:
科图分类号:
其他分类号: N02
主题词:
电子资源:
000 00886cam 2200277 a 4500
001 E0735152406
005 20070514094723.46
008 921028s1992 mau b 001 0 eng
010    @a 92040510
020    @a0-674-92981-0.
040    @aDLC@cDLC@dDLC
050 00 @aQ175@b.W737 1993
082 00 @a501@2 20
090    @aN02
092    @aCN@b社-132
093    @aN02@2 4
099    @dN02@ex3
100 1  @aWolpert, L.@q(Lewis)
245 14 @aThe unnatural nature of science / @cLewis Wolpert.
260    @aCambridge, Mass. :@bHarvard University Press,@cc1992.
300    @axiv, 191 p. ;@c22 cm.
500    @a"First Harvard University Press paperback edition, 1994" -- T.p. verso.
504    @aIncludes bibliographical references (p. [179]-188) and index.
650  0 @aScience@xPhilosophy.
650  0 @aScience@xSocial aspects.
920    @a232010@z2
    
    The unnatural nature of science / / Lewis Wolpert.-Cambridge, Mass. : : Harvard University Press, , c1992.
    xiv, 191 p. ; ; 22 cm.
    "First Harvard University Press paperback edition, 1994" -- T.p. verso.-Includes bibliographical references (p. [179]-188) and index.
    
    ISBN 0-674-92981-0.
    
●
相关链接 在E读中查询图书 在五车中查询图书 在当当中查询图书 在豆瓣中查询图书


正题名:unnatural nature of science     索取号:N02/x3         预约/预借

序号 登录号 条形码 馆藏地/架位号 状态 备注
1 9008   300090087   第二样本阅览室/ [索取号:N02/x3] 在馆    
唐山师范学院图书馆 欢迎您!
大连网信软件有限公司© 版权所有